Normal view MARC view
  • Jain.R.K.

Entry Personal Name

Number of records used in: 1

001 - CONTROL NUMBER

  • control field: 4502

003 - CONTROL NUMBER IDENTIFIER

  • control field: OSt

005 - DATE AND TIME OF LATEST TRANSACTION

  • control field: 20171124142156.0

008 - FIXED-LENGTH DATA ELEMENTS

  • fixed length control field: 171124|| aca||aabn | a|a d

040 ## - CATALOGING SOURCE

  • Original cataloging agency: OSt
  • Transcribing agency: OSt

100 ## - HEADING--PERSONAL NAME

  • Personal name: Jain.R.K.

670 ## - SOURCE DATA FOUND

  • Source citation: Work cat.: (OSt): Jain.R.K., The Centerville Ghost

Powered by Koha